[Event "4. Open Hotel Avenida de Canarias 2010"]
[Site "Vecindario ESP"]
[Date "2010.07.21"]
[Round "5.7"]
[White "Trujillo Alvarado, Ivan"]
[Black "Campos Gambuti, Luis Maria"]
[Result "0-1"]
[WhiteElo "2196"]
[BlackElo "2446"]
[PlyCount "152"]
[EventDate "2010.07.18"]
[EventType "swiss"]
[EventRounds "9"]
[EventCountry "ESP"]
[Source "lmi"]
[SourceDate "2010.07.18"]

1. Nf3 b5 2. e3 a6 3. b3 Bb7 4. Bb2 e6 5. d3 Nf6 6. Nbd2 d6 7. c4 Nbd7 8. Be2
Be7 9. d4 b4 10. O-O c5 11. Ne1 O-O 12. Bf3 d5 13. Nd3 a5 14. Rc1 cxd4 15. exd4
Ne4 16. Bxe4 dxe4 17. Ne1 f5 18. Qe2 Bf6 19. f3 Nc5 20. Qf2 exf3 21. Ndxf3 Ne4
22. Qe3 Ra6 23. Nc2 Qe7 24. Rcd1 Ba8 25. a3 g5 26. Ra1 g4 27. Ne5 Bxe5 28. dxe5
Qb7 29. axb4 axb4 30. Rxa6 Qxa6 31. Ra1 Qc6 32. Nd4 Qc5 33. Bc1 f4 34. Nxe6
fxe3 35. Nxc5 Nxc5 36. Bxe3 Nxb3 37. Rb1 Na5 38. Rxb4 Nc6 39. Rb5 Re8 40. Bf4
Nd4 41. Rb2 Kf7 42. Kf2 Ke6 43. Rd2 Nf5 44. Ra2 Bb7 45. Rb2 Bc6 46. Rb6 Rc8 47.
h3 Nh4 48. hxg4 Ng6 49. g3 Nxe5 50. g5 Nxc4 51. Ra6 Nd6 52. Ra7 Be4 53. Ra6 Rc6
54. Ra4 Nc4 55. Rb4 Kd5 56. Rb8 Rb6 57. Rd8+ Kc5 58. Rc8+ Kd4 59. Rd8+ Kc3 60.
Rd7 Rb2+ 61. Ke1 Bd3 62. Rc7 Re2+ 63. Kf1 Re7+ 64. Kf2 Rxc7 65. Bxc7 Be4 66.
Bd8 Kd4 67. Bf6+ Kd5 68. Bd8 Ke5 69. Bc7+ Kf5 70. Bf4 Kg4 71. Bc1 Bc6 72. Bf4
Bf3 73. Kg1 Nb2 74. Kh2 Nd3 75. Be3 Bd5 76. Bd2 Ne5 0-1

[Event "4. Open Hotel Avenida de Canarias 2010"]
[Site "Vecindario ESP"]
[Date "2010.07.21"]
[Round "5.8"]
[White "Angel Acosta, Juan Carlos"]
[Black "Martinez Martin, David"]
[Result "1/2-1/2"]
[WhiteElo "2160"]
[BlackElo "2406"]
[PlyCount "100"]
[EventDate "2010.07.18"]
[EventType "swiss"]
[EventRounds "9"]
[EventCountry "ESP"]
[Source "lmi"]
[SourceDate "2010.07.18"]

1. d4 Nf6 2. Nf3 d5 3. c4 dxc4 4. Nc3 c6 5. a4 c5 6. d5 e6 7. e4 exd5 8. exd5
Bd6 9. Bxc4 O-O 10. O-O a6 11. Bg5 h6 12. Bh4 Re8 13. Re1 Nbd7 14. Qd3 Ne5 15.
Nxe5 Bxe5 16. Bg3 Bxg3 17. Qxg3 Bf5 18. Qf3 Qd7 19. h3 Rxe1+ 20. Rxe1 Re8 21.
Rxe8+ Nxe8 22. Qe3 Qc8 23. Qe7 Qd7 24. Qxc5 Nd6 25. Bf1 Qd8 26. b4 Kf8 27. a5
Ke7 28. g4 Bg6 29. f4 f5 30. Qe3+ Kf8 31. g5 hxg5 32. fxg5 Bf7 33. h4 Kg8 34.
Be2 g6 35. Bf3 Nc4 36. Qd4 Qc7 37. Kg2 Nd6 38. Qc5 Qd7 39. Kg3 Kh7 40. Ne2 Qe7
41. Qd4 f4+ 42. Qxf4 Bxd5 43. Bxd5 Qxe2 44. Qxd6 Qd3+ 45. Kh2 Qd2+ 46. Kh3 Qd3+
47. Qg3 Qxd5 48. Qc7+ Kg8 49. Qf4 Qd3+ 50. Kg4 Qe2+ 1/2-1/2

[Event "4. Open Hotel Avenida de Canarias 2010"]
[Site "Vecindario ESP"]
[Date "2010.07.21"]
[Round "5.9"]
[White "Villavicencio Martinez, Carlos"]
[Black "Vega Gutierrez, Sabrina"]
[Result "0-1"]
[WhiteElo "2134"]
[BlackElo "2373"]
[PlyCount "52"]
[EventDate "2010.07.18"]
[EventType "swiss"]
[EventRounds "9"]
[EventCountry "ESP"]
[Source "lmi"]
[SourceDate "2010.07.18"]

1. Nf3 d5 2. c4 e6 3. b3 Nf6 4. Bb2 Be7 5. g3 O-O 6. Bg2 c5 7. O-O Nc6 8. e3
Qc7 9. Nc3 Rd8 10. cxd5 exd5 11. d4 b6 12. Rc1 Ba6 13. Re1 Ne4 14. a3 Qd7 15.
Qc2 Qe6 16. Red1 Rac8 17. Qb1 f5 18. Na4 Be2 19. Rc2 Bxd1 20. Qxd1 cxd4 21.
Nxd4 Nxd4 22. Bxd4 Rxc2 23. Qxc2 Rc8 24. Qd1 Qc6 25. Bb2 b5 26. Bxe4 dxe4 0-1

[Event "4. Open Hotel Avenida de Canarias 2010"]
[Site "Vecindario ESP"]
[Date "2010.07.21"]
[Round "5.11"]
[White "Tatai, Stefano"]
[Black "Inigo Munoz, Javier"]
[Result "0-1"]
[WhiteElo "2357"]
[BlackElo "2144"]
[PlyCount "90"]
[EventDate "2010.07.18"]
[EventType "swiss"]
[EventRounds "9"]
[EventCountry "ESP"]
[Source "lmi"]
[SourceDate "2010.07.18"]

1. e4 e6 2. d4 d5 3. Nc3 Bb4 4. e5 c5 5. Qg4 Ne7 6. dxc5 Bxc3+ 7. bxc3 Qc7 8.
Nf3 Nd7 9. Bb5 Qxc5 10. Qb4 Qxb4 11. cxb4 a6 12. Bxd7+ Bxd7 13. Be3 f6 14. Bc5
Ng6 15. Bd4 Kf7 16. O-O Rhc8 17. c3 Bb5 18. Rfe1 Rc6 19. Re3 a5 20. a3 axb4 21.
cxb4 Rac8 22. h4 h5 23. Bc5 b6 24. Bd4 Ba4 25. Kh2 Rb8 26. Rae1 Ne7 27. Ba1 Nf5
28. R3e2 Bb5 29. Rd2 Ra8 30. Bb2 Rc4 31. g3 Bd7 32. Ng1 Rac8 33. Nh3 Bb5 34.
Red1 R8c6 35. Kg2 Rc8 36. Ng1 Rc2 37. Kf3 Ba4 38. Ke2 R2c4 39. Ra1 Rc2 40. Nf3
Rxd2+ 41. Nxd2 Rc2 42. Bc1 fxe5 43. Ke1 Nd4 44. Rb1 Ra2 45. Kf1 Bc2 0-1

[Event "4. Open Hotel Avenida de Canarias 2010"]
[Site "Vecindario ESP"]
[Date "2010.07.21"]
[Round "5.12"]
[White "Hernandez Leon, Sergio"]
[Black "Robin, Samy"]
[Result "1/2-1/2"]
[WhiteElo "2131"]
[BlackElo "2308"]
[PlyCount "37"]
[EventDate "2010.07.18"]
[EventType "swiss"]
[EventRounds "9"]
[EventCountry "ESP"]
[Source "lmi"]
[SourceDate "2010.07.18"]

1. d4 Nf6 2. c4 g6 3. Nc3 Bg7 4. e4 d6 5. Nf3 O-O 6. Be2 e5 7. O-O Nc6 8. d5
Ne7 9. Ne1 Ne8 10. f3 f5 11. g4 c5 12. Nd3 Bd7 13. Be3 a6 14. b4 cxb4 15. Nxb4
fxg4 16. fxg4 Rxf1+ 17. Kxf1 Qc8 18. g5 b5 19. Nc2 1/2-1/2

[Event "4. Open Hotel Avenida de Canarias 2010"]
[Site "Vecindario ESP"]
[Date "2010.07.21"]
[Round "5.13"]
[White "Hernandez Leon, Alberto"]
[Black "Gonzalez Perez, Lutgarda"]
[Result "1-0"]
[WhiteElo "2274"]
[BlackElo "2133"]
[PlyCount "49"]
[EventDate "2010.07.18"]
[EventType "swiss"]
[EventRounds "9"]
[EventCountry "ESP"]
[Source "lmi"]
[SourceDate "2010.07.18"]

1. d4 d5 2. c4 c6 3. Nf3 Nf6 4. Nc3 g6 5. Qb3 Bg7 6. cxd5 cxd5 7. Bg5 e6 8. e3
O-O 9. Bd3 Nc6 10. O-O h6 11. Bh4 g5 12. Bg3 Nh5 13. Rac1 Nxg3 14. hxg3 Na5 15.
Qb4 Bd7 16. Ne5 Bxe5 17. dxe5 Rc8 18. e4 Nc6 19. Qd6 d4 20. Nb5 Be8 21. Nxd4
Qa5 22. Rc5 Qd2 23. Nb3 Qxb2 24. Rc2 Qxe5 25. Rxc6 1-0

[Event "4. Open Hotel Avenida de Canarias 2010"]
[Site "Vecindario ESP"]
[Date "2010.07.21"]
[Round "5.14"]
[White "Majul, Isolina"]
[Black "Menvielle Laccourreye, Augusto"]
[Result "0-1"]
[WhiteElo "2099"]
[BlackElo "2245"]
[PlyCount "44"]
[EventDate "2010.07.18"]
[EventType "swiss"]
[EventRounds "9"]
[EventCountry "ESP"]
[Source "lmi"]
[SourceDate "2010.07.18"]

1. e4 e6 2. d4 d5 3. exd5 exd5 4. Nf3 Bd6 5. h3 Nf6 6. Bd3 O-O 7. O-O Nc6 8. c3
Ne7 9. Qc2 Ng6 10. Re1 Re8 11. Rxe8+ Qxe8 12. Bg5 Ne4 13. Nbd2 h6 14. Be3 f5
15. Nf1 Qf7 16. Re1 Be6 17. Bc1 c6 18. N3d2 Nf4 19. Bxe4 fxe4 20. Nb3 Nxh3+ 21.
gxh3 Qg6+ 22. Ng3 Bxg3 0-1

[Event "4. Open Hotel Avenida de Canarias 2010"]
[Site "Vecindario ESP"]
[Date "2010.07.21"]
[Round "5.15"]
[White "Torres Ventosa, Pedro Eugenio"]
[Black "Martin Hernandez, Ruben"]
[Result "0-1"]
[WhiteElo "2245"]
[BlackElo "1988"]
[PlyCount "114"]
[EventDate "2010.07.18"]
[EventType "swiss"]
[EventRounds "9"]
[EventCountry "ESP"]
[Source "lmi"]
[SourceDate "2010.07.18"]

1. e4 Nf6 2. e5 Nd5 3. d4 d6 4. Nf3 g6 5. c3 Bg7 6. h3 O-O 7. Bd3 c5 8. O-O Nc6
9. exd6 Qxd6 10. dxc5 Qxc5 11. Qe2 e5 12. Be3 Nxe3 13. Qxe3 Qxe3 14. fxe3 Bh6
15. e4 Be6 16. Na3 Be3+ 17. Kh1 f6 18. Bc4 Kf7 19. Rae1 Bh6 20. Bd5 Ke7 21. Nb5
Rac8 22. Rd1 Rfd8 23. c4 a6 24. Nc3 Na5 25. b4 Nxc4 26. Bxb7 Rxd1 27. Rxd1 Rb8
28. Bxa6 Rxb4 29. Ne1 Nd6 30. Nd3 Rd4 31. Rb1 Bd2 32. Ne2 Rxe4 33. Nc5 Rb4 34.
Rd1 Be3 35. Nxe6 Kxe6 36. Nc3 Bd4 37. Ne2 Ra4 38. Bd3 Rxa2 39. Re1 Kd5 40. Bb1
Rd2 41. Kh2 f5 42. Nc1 e4 43. Nb3 Be5+ 44. Kh1 Rb2 45. Rd1+ Kc4 46. Na5+ Kc5
47. Rc1+ Kb6 48. Nc6 Bf4 49. Rf1 Kxc6 50. Bxe4+ Nxe4 51. Rxf4 Kd5 52. Kg1 Rb1+
53. Kh2 Rb2 54. Kg1 Ke5 55. Rh4 h5 56. g4 Kf4 57. gxf5+ Kg3 0-1

[Event "4. Open Hotel Avenida de Canarias 2010"]
[Site "Vecindario ESP"]
[Date "2010.07.21"]
[Round "5.16"]
[White "Fidalgo Fernandez, Lucia"]
[Black "Garcia Padron, Jose"]
[Result "1/2-1/2"]
[WhiteElo "2102"]
[BlackElo "2455"]
[PlyCount "60"]
[EventDate "2010.07.18"]
[EventType "swiss"]
[EventRounds "9"]
[EventCountry "ESP"]
[Source "lmi"]
[SourceDate "2010.07.18"]

1. d4 Nf6 2. c4 e6 3. Nc3 d5 4. Nf3 Be7 5. Bg5 O-O 6. e3 h6 7. Bf4 c5 8. dxc5
Bxc5 9. Be2 Bb4 10. Qb3 Qa5 11. Rc1 dxc4 12. Bxc4 Ne4 13. O-O Nxc3 14. bxc3 Ba3
15. Rb1 b6 16. Ne5 Be7 17. Qd1 a6 18. Qf3 Ra7 19. Qg3 Qc5 20. Bxh6 Bf6 21. Ng4
Bxc3 22. Bxg7 Kxg7 23. Ne5+ Kh7 24. Qh4+ Kg7 25. Qg5+ Kh8 26. Qf6+ Kg8 27. Qg5+
Kh8 28. Qf6+ Kg8 29. Qg5+ Kh8 30. Qf6+ Kg8 1/2-1/2

[Event "4. Open Hotel Avenida de Canarias 2010"]
[Site "Vecindario ESP"]
[Date "2010.07.21"]
[Round "5.17"]
[White "Rudolf, Anna"]
[Black "Alvarado Diaz, Alejandro"]
[Result "1-0"]
[WhiteElo "2393"]
[BlackElo "2068"]
[PlyCount "119"]
[EventDate "2010.07.18"]
[EventType "swiss"]
[EventRounds "9"]
[EventCountry "ESP"]
[Source "lmi"]
[SourceDate "2010.07.18"]

1. e4 Nf6 2. e5 Nd5 3. d4 d6 4. Nf3 g6 5. Bc4 Nb6 6. Bb3 Bg7 7. Ng5 e6 8. Qf3
Qe7 9. Ne4 dxe5 10. Bg5 Qb4+ 11. c3 Qa5 12. Bf6 Bxf6 13. Qxf6 O-O 14. Qxe5 Qxe5
15. dxe5 Nc6 16. f4 Na5 17. Nbd2 Bd7 18. Bc2 Rfd8 19. O-O-O Nd5 20. b4 Nc6 21.
Nb3 Be8 22. Nf6+ Kg7 23. Nxd5 Rxd5 24. Rxd5 exd5 25. Kd2 b6 26. Re1 Bd7 27. Bd1
h5 28. Nd4 Nxd4 29. cxd4 c5 30. bxc5 bxc5 31. dxc5 Rc8 32. Bb3 Rxc5 33. Kd3 Be6
34. Rd1 a5 35. g3 Kf8 36. Rd2 Rc7 37. Ke3 Rd7 38. Kd4 Rb7 39. Kc5 Ke7 40. Rd4
h4 41. gxh4 Rc7+ 42. Kb6 Rc3 43. Kxa5 Rh3 44. Kb4 Rxh4 45. Kc5 Rxh2 46. a4 Rh8
47. Bxd5 Bxd5 48. Kxd5 Kd7 49. Kc5+ Kc7 50. Rd6 Ra8 51. Rf6 Rxa4 52. Rxf7+ Kd8
53. e6 Ke8 54. Kd6 Rd4+ 55. Ke5 Ra4 56. Rg7 Ra5+ 57. Ke4 Ra4+ 58. Kf3 Ra3+ 59.
Kg4 Ra1 60. Kg5 1-0

[Event "4. Open Hotel Avenida de Canarias 2010"]
[Site "Vecindario ESP"]
[Date "2010.07.21"]
[Round "5.18"]
[White "Rodrigo Yanguas, Maria"]
[Black "Hernando Rodrigo, Jose Maria"]
[Result "0-1"]
[WhiteElo "2092"]
[BlackElo "2328"]
[PlyCount "42"]
[EventDate "2010.07.18"]
[EventType "swiss"]
[EventRounds "9"]
[EventCountry "ESP"]
[Source "lmi"]
[SourceDate "2010.07.18"]

1. e4 d5 2. exd5 Qxd5 3. Nc3 Qa5 4. d4 Nf6 5. Nf3 Bg4 6. h3 Bh5 7. g4 Bg6 8.
Bg2 Nc6 9. O-O O-O-O 10. Bf4 e6 11. a3 Qb6 12. Na4 Qa6 13. c4 Qxc4 14. Rc1 Qd3
15. Nd2 Nd5 16. Bg3 h5 17. Nc5 Qxd4 18. Rc4 Qxb2 19. Na4 Qa2 20. Qc1 Bxa3 21.
Rxc6 Bxc1 0-1

[Event "4. Open Hotel Avenida de Canarias 2010"]
[Site "Vecindario ESP"]
[Date "2010.07.21"]
[Round "5.19"]
[White "Vega Gutierrez, Belinda"]
[Black "Estevez Hernandez, Cristo"]
[Result "1/2-1/2"]
[WhiteElo "2266"]
[BlackElo "1870"]
[PlyCount "93"]
[EventDate "2010.07.18"]
[EventType "swiss"]
[EventRounds "9"]
[EventCountry "ESP"]
[Source "lmi"]
[SourceDate "2010.07.18"]

1. e4 c5 2. Nf3 d6 3. d4 cxd4 4. Nxd4 Nf6 5. Nc3 a6 6. Be2 e5 7. Nb3 Be7 8. O-O
Be6 9. f4 Qc7 10. g4 exf4 11. g5 Nfd7 12. Bxf4 Nc6 13. Nd5 Bxd5 14. Qxd5 Nde5
15. c3 O-O 16. Rad1 Rad8 17. Nd4 g6 18. b4 Qc8 19. Kg2 Kh8 20. a4 Qc7 21. b5
axb5 22. axb5 Nxd4 23. cxd4 Nd7 24. Rc1 Qb8 25. Bg4 Kg8 26. Rc3 Nb6 27. Qb3 Qa7
28. Rc7 Rde8 29. Bg3 Qb8 30. Rc2 Kg7 31. Rcf2 f6 32. Qe6 Qd8 33. gxf6+ Rxf6 34.
Rxf6 Bxf6 35. Qxd6 Qxd6 36. Bxd6 Bxd4 37. Bf3 Nc4 38. Bf4 Ne3+ 39. Bxe3 Bxe3
40. Re1 Bf4 41. h3 Re5 42. Rb1 b6 43. Kf2 Rc5 44. Ke2 Rc3 45. Rd1 Rc5 46. Rd5
Rxd5 47. exd5 1/2-1/2

[Event "4. Open Hotel Avenida de Canarias 2010"]
[Site "Vecindario ESP"]
[Date "2010.07.21"]
[Round "5.20"]
[White "Leon Varela, Luis"]
[Black "Rodriguez Melian, Jose Luis"]
[Result "0-1"]
[WhiteElo "2170"]
[BlackElo "2067"]
[PlyCount "88"]
[EventDate "2010.07.18"]
[EventType "swiss"]
[EventRounds "9"]
[EventCountry "ESP"]
[Source "lmi"]
[SourceDate "2010.07.18"]

1. d4 Nf6 2. c4 g6 3. Nc3 d5 4. Nf3 Bg7 5. Bg5 Ne4 6. cxd5 Nxg5 7. Nxg5 e6 8.
Qd2 exd5 9. Qe3+ Kf8 10. g3 Bf6 11. h4 Kg7 12. Qf4 c6 13. Nf3 Be6 14. e3 Nd7
15. Bd3 Qb8 16. h5 Qxf4 17. gxf4 Bg4 18. Nh2 Bxh5 19. f3 Rhe8 20. Kd2 Be7 21.
a3 Nf6 22. Ne2 c5 23. Rac1 Rac8 24. Bb5 Red8 25. dxc5 Bxc5 26. Nd4 Bxd4 27.
exd4 Ne8 28. Rhe1 Nd6 29. Bd3 Rxc1 30. Rxc1 Rc8 31. Rc5 Rxc5 32. dxc5 Ne8 33.
b4 Kf6 34. b5 Ke6 35. a4 h6 36. Ke3 f5 37. a5 g5 38. Nf1 d4+ 39. Kxd4 Bxf3 40.
Ne3 gxf4 41. Bc4+ Kf6 42. Bd5 Be2 43. Nc4 Nc7 44. b6 Nb5# 0-1

[Event "4. Open Hotel Avenida de Canarias 2010"]
[Site "Vecindario ESP"]
[Date "2010.07.21"]
[Round "5.21"]
[White "Guerrero Romero, Antonio"]
[Black "Gutierrez Olivares, Daniel"]
[Result "0-1"]
[WhiteElo "1911"]
[BlackElo "2167"]
[PlyCount "53"]
[EventDate "2010.07.18"]
[EventType "swiss"]
[EventRounds "9"]
[EventCountry "ESP"]
[Source "lmi"]
[SourceDate "2010.07.18"]

1. d4 Nf6 2. Nf3 e6 3. c4 b6 4. Nc3 Bb4 5. Qb3 c5 6. a3 Bxc3+ 7. Qxc3 Ne4 8.
Qc2 Bb7 9. Bf4 d6 10. e3 Nd7 11. Rd1 Qe7 12. Bd3 f5 13. O-O O-O 14. h4 e5 15.
dxe5 dxe5 16. Bh2 Rf6 17. Qe2 Rh6 18. g3 Nd6 19. Ng5 e4 20. Bc2 Ne5 21. b3 Rf6
22. Rb1 Ndf7 23. Nxf7 Rxf7 24. Kg2 g5 25. hxg5 Qxg5 26. Rh1 f4 27. exf4 0-1

[Event "4. Open Hotel Avenida de Canarias 2010"]
[Site "Vecindario ESP"]
[Date "2010.07.21"]
[Round "5.22"]
[White "Rodriguez Perez, Jezabel"]
[Black "Lopez Colon, Francisco"]
[Result "0-1"]
[WhiteElo "1905"]
[BlackElo "2152"]
[PlyCount "112"]
[EventDate "2010.07.18"]
[EventType "swiss"]
[EventRounds "9"]
[EventCountry "ESP"]
[Source "lmi"]
[SourceDate "2010.07.18"]

1. d4 c5 2. d5 e5 3. e4 d6 4. Nc3 Be7 5. Bb5+ Nd7 6. a4 Bg5 7. Bxg5 Qxg5 8. Nf3
Qg6 9. O-O Nh6 10. Nd2 O-O 11. Bd3 Qf6 12. a5 Rd8 13. Nc4 Nf8 14. Qd2 Ng6 15.
Rfb1 Nf4 16. Bf1 Qg5 17. f3 f6 18. g3 Nf7 19. Kh1 Ng6 20. Qxg5 Nxg5 21. Be2 Kf8
22. Nb5 Ke7 23. b4 cxb4 24. Rxb4 Nf7 25. Nc7 Rb8 26. a6 b6 27. Nxb6 Rxb6 28.
Rxb6 axb6 29. a7 Bb7 30. a8=Q Bxa8 31. Nxa8 Rb8 32. Ra7+ Kf8 33. Bb5 Ne7 34.
Nxb6 Nc8 35. Nd7+ Ke7 36. Nxb8+ Nxa7 37. Nc6+ Nxc6 38. Bxc6 Kd8 39. Kg2 Kc7 40.
f4 Kb6 41. c4 Kc5 42. Bb5 Kd4 43. Kf3 Nd8 44. Ba6 h6 45. f5 Nf7 46. h4 Nd8 47.
g4 Nf7 48. Bb5 Nh8 49. Ba6 g6 50. Bb5 gxf5 51. exf5 Nf7 52. Ke2 e4 53. Kf2 Ne5
54. g5 fxg5 55. hxg5 hxg5 56. Kg2 Ng4 0-1

[Event "4. Open Hotel Avenida de Canarias 2010"]
[Site "Vecindario ESP"]
[Date "2010.07.21"]
[Round "5.23"]
[White "Fernandez Siles, Luis"]
[Black "Marrero Cardenes, Agustin"]
[Result "1-0"]
[WhiteElo "2368"]
[BlackElo "1788"]
[PlyCount "79"]
[EventDate "2010.07.18"]
[EventType "swiss"]
[EventRounds "9"]
[EventCountry "ESP"]
[Source "lmi"]
[SourceDate "2010.07.18"]

1. e4 c6 2. Nc3 d5 3. Nf3 dxe4 4. Nxe4 Nf6 5. Nxf6+ exf6 6. Bc4 Bd6 7. Qe2+ Qe7
8. Qxe7+ Bxe7 9. d4 Be6 10. Bb3 Bxb3 11. axb3 Bd6 12. O-O O-O 13. Re1 Nd7 14.
Bd2 a6 15. Re2 Rfe8 16. Kf1 Nf8 17. c4 Ne6 18. g3 h6 19. Bc3 Ng5 20. Nd2 Rxe2
21. Kxe2 f5 22. Kd3 Re8 23. Nf1 Ne4 24. Be1 c5 25. Ne3 cxd4 26. Nxf5 Nc5+ 27.
Kc2 d3+ 28. Kc3 Be5+ 29. Kb4 Bxb2 30. Rb1 Rxe1 31. Rxe1 d2 32. Re8+ Kh7 33. Ne3
Nd3+ 34. Ka5 Bc3+ 35. b4 Ne5 36. Nd1 Nc6+ 37. Kb6 Bxb4 38. Kxb7 Na5+ 39. Kxa6
Nxc4 40. Re4 1-0

[Event "4. Open Hotel Avenida de Canarias 2010"]
[Site "Vecindario ESP"]
[Date "2010.07.21"]
[Round "5.24"]
[White "Bressac, Stephane"]
[Black "Rivas Crespo, Alejandro"]
[Result "1-0"]
[WhiteElo "2190"]
[BlackElo "1755"]
[PlyCount "51"]
[EventDate "2010.07.18"]
[EventType "swiss"]
[EventRounds "9"]
[EventCountry "ESP"]
[Source "lmi"]
[SourceDate "2010.07.18"]

1. e4 c5 2. Nf3 Nc6 3. d4 cxd4 4. Nxd4 Nf6 5. Nc3 e5 6. Ndb5 d6 7. Bg5 a6 8.
Na3 b5 9. Nd5 Be7 10. Bxf6 Bxf6 11. c4 b4 12. Nc2 a5 13. g3 Bg5 14. Bg2 O-O 15.
O-O f5 16. exf5 Bxf5 17. Nde3 Bxc2 18. Nxc2 Ne7 19. Bxa8 Qxa8 20. Qxd6 Bf6 21.
Ne3 Nc6 22. Rad1 Nd4 23. Qd5+ Qxd5 24. Nxd5 Rc8 25. f4 exf4 26. Nxf6+ 1-0

[Event "4. Open Hotel Avenida de Canarias 2010"]
[Site "Vecindario ESP"]
[Date "2010.07.21"]
[Round "5.25"]
[White "Stojanovic, Marija R"]
[Black "Rodriguez Mellado, Antonio"]
[Result "1-0"]
[WhiteElo "2151"]
[BlackElo "1716"]
[PlyCount "75"]
[EventDate "2010.07.18"]
[EventType "swiss"]
[EventRounds "9"]
[EventCountry "ESP"]
[Source "lmi"]
[SourceDate "2010.07.18"]

1. e4 e5 2. Nf3 Nc6 3. Bb5 a6 4. Ba4 Nf6 5. d3 Bc5 6. O-O O-O 7. Bxc6 dxc6 8.
Nxe5 Qe7 9. Nf3 Rd8 10. Qe2 h6 11. Nc3 Bg4 12. Be3 Bd6 13. Rfe1 Bh5 14. e5 Qxe5
15. Nxe5 Bxe2 16. Nxc6 bxc6 17. Nxe2 Nd5 18. a3 f5 19. Nd4 Nxe3 20. fxe3 f4 21.
Nxc6 Rf8 22. exf4 Rxf4 23. d4 Raf8 24. Re2 Kh7 25. c3 R8f6 26. Ne5 c5 27. Nd3
Rh4 28. g3 Rh5 29. dxc5 Bb8 30. Rf1 Rc6 31. b4 Rd5 32. Rf3 Rc8 33. Kg2 Rcd8 34.
Nf4 Rd1 35. Ne6 R8d2 36. Kf2 Rxe2+ 37. Kxe2 Ra1 38. c6 1-0

[Event "4. Open Hotel Avenida de Canarias 2010"]
[Site "Vecindario ESP"]
[Date "2010.07.21"]
[Round "5.26"]
[White "Viera Falcon, Cristo"]
[Black "Gonzalez Intelangelo, Gerardo"]
[Result "1/2-1/2"]
[WhiteElo "1782"]
[BlackElo "2104"]
[PlyCount "58"]
[EventDate "2010.07.18"]
[EventType "swiss"]
[EventRounds "9"]
[EventCountry "ESP"]
[Source "lmi"]
[SourceDate "2010.07.18"]

1. c4 Nf6 2. Nf3 e6 3. d3 c5 4. g3 b6 5. Bg2 Bb7 6. O-O Be7 7. Nbd2 d6 8. b4
Nbd7 9. Rb1 Qc7 10. Nb3 O-O 11. Bd2 Rab8 12. Qc1 Ba8 13. a4 cxb4 14. Bxb4 Nc5
15. Qa3 Nfd7 16. Nbd4 a6 17. Rfc1 Rfc8 18. a5 Qa7 19. axb6 Rxb6 20. Nb5 Qb8 21.
Ba5 axb5 22. Bxb6 Qxb6 23. Rxb5 Qc7 24. Rcb1 e5 25. Ra5 Bc6 26. Ra7 Qd8 27. Ne1
Bxg2 28. Nxg2 Nf6 29. Ne3 Bf8 1/2-1/2

[Event "4. Open Hotel Avenida de Canarias 2010"]
[Site "Vecindario ESP"]
[Date "2010.07.21"]
[Round "5.27"]
[White "Ruiz Delgado, Basilio"]
[Black "Sanchez Quintero, Raul"]
[Result "0-1"]
[WhiteElo "1720"]
[BlackElo "2094"]
[PlyCount "58"]
[EventDate "2010.07.18"]
[EventType "swiss"]
[EventRounds "9"]
[EventCountry "ESP"]
[Source "lmi"]
[SourceDate "2010.07.18"]

1. d4 d5 2. Nf3 Nf6 3. c4 e6 4. Nc3 Be7 5. Bg5 Nbd7 6. e3 O-O 7. Qc2 c6 8. Rd1
Re8 9. cxd5 exd5 10. Bd3 Nf8 11. O-O Nh5 12. Bxe7 Qxe7 13. h3 g5 14. Bf5 Ng7
15. Bxc8 Raxc8 16. Rfe1 f5 17. Ne5 Ng6 18. f4 Nxe5 19. dxe5 Kh8 20. Rf1 Rg8 21.
Qf2 Ne6 22. Ne2 Rcf8 23. Rc1 Nc5 24. Rfd1 Ne4 25. Qf1 g4 26. Kh2 gxh3 27. gxh3
Qh4 28. Qf3 Rg6 29. Rg1 Nd2 0-1

[Event "4. Open Hotel Avenida de Canarias 2010"]
[Site "Vecindario ESP"]
[Date "2010.07.21"]
[Round "5.28"]
[White "Thomas, Fabien"]
[Black "Sanchez Montesdeoca, Isaac"]
[Result "1-0"]
[WhiteElo "2082"]
[BlackElo "1705"]
[PlyCount "60"]
[EventDate "2010.07.18"]
[EventType "swiss"]
[EventRounds "9"]
[EventCountry "ESP"]
[Source "lmi"]
[SourceDate "2010.07.18"]

1. e4 c5 2. Nf3 d6 3. d4 cxd4 4. Nxd4 Nf6 5. Nc3 g6 6. Be3 Bg7 7. f3 O-O 8. Qd2
Nc6 9. Bc4 Bd7 10. O-O-O Rc8 11. Bb3 Ne5 12. g4 Nc4 13. Bxc4 Rxc4 14. h4 h5 15.
gxh5 Nxh5 16. Rhg1 b5 17. Kb1 a5 18. Nce2 Qa8 19. Bh6 Bf6 20. Bxf8 Qxf8 21. b3
Rc5 22. f4 e5 23. Nf3 d5 24. Nxe5 Be6 25. f5 Bxe5 26. fxe6 a4 27. Qg5 Qg7 28.
e7 Rc8 29. Rxd5 Ba1 30. Rd8+ Kh7 1-0

[Event "4. Open Hotel Avenida de Canarias 2010"]
[Site "Vecindario ESP"]
[Date "2010.07.21"]
[Round "5.29"]
[White "Leon Manas, Jose Francisco"]
[Black "Rodriguez Perez, David"]
[Result "0-1"]
[WhiteElo "1712"]
[BlackElo "2039"]
[PlyCount "30"]
[EventDate "2010.07.18"]
[EventType "swiss"]
[EventRounds "9"]
[EventCountry "ESP"]
[Source "lmi"]
[SourceDate "2010.07.18"]

1. b4 e5 2. Bb2 d6 3. e3 f5 4. b5 Nf6 5. Bc4 a6 6. a4 axb5 7. axb5 Rxa1 8. Bxa1
c6 9. d4 Ne4 10. Qd3 d5 11. Bb3 Qa5+ 12. Bc3 Nxc3 13. Nxc3 Bb4 14. Nge2 e4 15.
Qd2 Qa1+ 0-1

[Event "4. Open Hotel Avenida de Canarias 2010"]
[Site "Vecindario ESP"]
[Date "2010.07.21"]
[Round "5.30"]
[White "De La Hoz Sanchez, Ruben"]
[Black "Galiana Canillas, Antonio"]
[Result "1-0"]
[WhiteElo "2027"]
[BlackElo "1659"]
[PlyCount "39"]
[EventDate "2010.07.18"]
[EventType "swiss"]
[EventRounds "9"]
[EventCountry "ESP"]
[Source "lmi"]
[SourceDate "2010.07.18"]

1. e4 e5 2. Nf3 Nc6 3. Bc4 Bc5 4. c3 Na5 5. Be2 Nc6 6. d4 exd4 7. cxd4 Bb6 8.
d5 Nb8 9. e5 Ne7 10. Bg5 h6 11. Bh4 g5 12. Bg3 Nf5 13. Nc3 Nxg3 14. hxg3 a6 15.
Ne4 Ba5+ 16. Kf1 d6 17. Qa4+ Bd7 18. Qxa5 dxe5 19. d6 b6 20. Qxe5+ 1-0

[Event "4. Open Hotel Avenida de Canarias 2010"]
[Site "Vecindario ESP"]
[Date "2010.07.21"]
[Round "5.31"]
[White "Sanchez Ramirez, Gustavo"]
[Black "Almeida Sanchez, Ciriaco"]
[Result "0-1"]
[WhiteElo "1661"]
[BlackElo "2002"]
[PlyCount "47"]
[EventDate "2010.07.18"]
[EventType "swiss"]
[EventRounds "9"]
[EventCountry "ESP"]
[Source "lmi"]
[SourceDate "2010.07.18"]

1. d4 d5 2. c4 e5 3. cxd5 Qxd5 4. dxe5 Qxd1+ 5. Kxd1 Nc6 6. Bf4 Bf5 7. Nf3
O-O-O+ 8. Kc1 Nge7 9. e3 Ng6 10. Bc4 Nb4 11. Nd4 Rxd4 12. exd4 Nxf4 13. Na3
Nfd3+ 14. Bxd3 Nxd3+ 15. Kd2 Nxb2 16. Nc2 Nc4+ 17. Kc3 Nb6 18. Ne3 Be6 19. h4
Be7 20. g3 Na4+ 21. Kc2 Nb6 22. Kd3 Nd5 23. Ke4 Nc3+ 24. Kd3 0-1